000 00877nas a2200265 4500
001 BR8403609
003 BR-BrBNA
005 20231205085946.0
007 ta
008 230509b bl.|||p| |||| 00| 00por d
040 _aBR-BrBNA
_bpor
_cBiblioteca Nacional de Agricultura
041 _a(En)
072 _aF21
100 1 _aBudowski, G.
100 1 _aKass, D.C.L.
100 1 _aRusso, R.O.
111 1 _aSimposio sobre Fixacao de Nitrogenio em Arvores Tropicais
_cRio de Janeiro, RJ (Brazil)
_d19-24 Sep 1983
245 1 _aLeguminous trees for shade [leguminosa, sombreamento]
650 _aLEGUMINOSA
650 _aSOMBREAMENTO
650 _aFIXACAO DE NITROGENIO
773 0 _tPesquisa Agropecuaria Brasileira (Brazil)
_xISSN 0100-204X
_g(Jun 1984), v. 19(Special number) p. 205-222
_wBR8403609
909 _a202311
_bLúcia
_c55
_dLúcia Elande
942 _2AGRIS
_n0
_cANA
999 _c115112
_d115112